000 02119nam a22003617a 4500
003 NALT
005 20240723101251.0
008 m249225 th ththa d
040 _aNALT
041 _atha
090 _aKA 204
_bส895ร
100 0 _aเสถียร วิชัยลักษณ์
_945581
245 1 0 _aรวมกฎหมายไทย เล่ม 21 [ร] /
_cเสถียร วิชัยลักษณ์.
260 _aกรุงเทพฯ :
_bนีติเวชช์,
_c2492-2517.
300 _a1 เล่ม ;
_b
_c25 ซม.
610 2 4 _aเทศบาลเมืองสุราษฎร์ธานี (เทศบัญญัติ)
_964403
610 2 4 _aเทศบาลตำบลศรีราชา (เทศบัญญัติ)
_964405
610 2 4 _aเทศบาลนครกรุงเทพ (เทศบัญญัติ)
_964406
610 2 4 _aเทศบาลเมืองชุมพร (เทศบัญญัติ)
_964407
610 2 4 _aเทศบาลเมืองเพชรบุรี (เทศบัญญัติ)
_964408
610 2 4 _aเทศบาลเมืองปราจีนบุรี (เทศบัญญัติ)
_964409
610 2 4 _aเทศบาลเมืองราชบุรี (เทศบัญญัติ)
_964410
610 2 4 _aเทศบาลเมืองลำปาง (เทศบัญญัติ)
_964411
610 2 4 _aเทศบาลเมืองศรีสะเกษ (เทศบัญญัติ)
_964412
610 2 4 _aเทศบาลเมืองสิงห์บุรี (เทศบัญญัติ)
_964413
650 4 _aกฎหมาย
_zไทย
_94701
650 4 _aการก่อสร้าง
_xเทศบัญญัติ
_964404
650 4 _aอาคาร
_xการออกแบบและการสร้าง
_942435
653 4 _aอาชีพสถาปัตยกรรม
653 4 _aอาชีพวิศวกรรม
850 _aNALT
942 _cREF
_2local
999 _c15856
_d15856
998 _j104
_k นางสาวสายฝน ดีงาม